|
|
|
|
| LEADER |
00000nab a2200000 4500 |
| 005 |
20170826062546.0 |
| 008 |
150702b2001 cr f|||| |||| 00| 0 spa d |
| 090 |
|
|
|a REVIS 06.02.01
|
| 100 |
1 |
|
|9 252
|a Villarreal Montoya, Ana Lucía
|
| 245 |
1 |
4 |
|a Coloquio: Educación y género /
|c Ana Lucía Villarreal
|
| 260 |
|
|
|a San José, Costa Rica :
|b Editorial Universidad de Costa Rica,
|c 2001
|
| 300 |
|
|
|a páginas 157-190
|
| 520 |
|
|
|a La memoria incluye los resúmenes de las ponencias de las investigadoras del Programa, quienes expusieron tanto una síntesis de cada una de las investigaciones, como sus respuestas/comentarios a las preguntas generadoras que se les plantearon, con el propósito de ir concretando aportes específicos producto de las investigaciones, ellas seleccionaron cuáles responder, ya que se plantearon como una guía
|
| 650 |
1 |
4 |
|9 1
|a EDUCACIÓN
|
| 773 |
0 |
|
|d San José, Costa Rica : Editorial de la Universidad de Costa Rica, 1997-
|o R0054
|t EDUCACIÓN: Revista de la Universidad de Costa Rica
|g Vol.25, no.1 (2001)
|
| 942 |
|
|
|h REVIS 06.02.01
|2 z
|c 10
|
| 999 |
|
|
|c 2723
|d 2723
|